[Event "US op"]
[Site "Palo Alto"]
[Date "1981.??.??"]
[Round "10"]
[White "Gheorghiu, Florin"]
[Black "Grefe, John A"]
[Result "1/2-1/2"]
[WhiteElo "2653"]
[BlackElo "2502"]

1.d4 Nf6 2.c4 e6 3.Nf3 b6 4.g3 Ba6 5.Qb3 c5 6.d5 exd5 7.cxd5 c4 8.Qc2 Bb4+
9.Bd2 Qe7 10.Bxb4 Qxb4+ 11.Nfd2 O-O 12.Bg2 d6 13.Nc3 Qc5 14.Nde4 Nxe4 15.Nxe4 Qc7
16.b4 Nd7 17.a4 Bb7 18.Nc3 a6 19.O-O Rfe8 20.Rfd1 Rac8 21.h3 Qd8 22.Qd2 a5
23.Nb5 c3 24.Nxc3 axb4 25.Ne4 Nc5 26.Qxb4 Ba6 27.Nc3 Bxe2 28.Nxe2 Rxe2 29.Qg4 Rc2
30.Rab1 Ra8 31.Rb4 Ra2 32.Qc4 R2xa4 33.Rdb1 Rxb4 34.Qxb4 Rb8 35.Qb5 g6 36.Qc6 h5
37.h4 Nd3 38.f4 Qe7 39.Kh2 Qe2 40.Qxd6 Ra8 41.Qxb6 Ra2 42.Qg1 Nf2 43.Re1 Ng4+
44.Kh3 Nf2+  1/2-1/2

[Event "Plovdiv"]
[Site "Plovdiv"]
[Date "1981.??.??"]
[Round "3"]
[White "Peev, Peicho Chonev"]
[Black "Szekely, Peter"]
[Result "1/2-1/2"]
[WhiteElo "2385"]
[BlackElo "2425"]

1.d4 Nf6 2.c4 e6 3.Nf3 b6 4.g3 Ba6 5.Nbd2 Bb7 6.Bg2 Be7 7.e4 Nxe4 8.Ne5 d5
9.Qa4+ Kf8 10.Nxe4 dxe4  1/2-1/2

[Event "Porz"]
[Site "Porz"]
[Date "1981.??.??"]
[Round "?"]
[White "Giorgadze, Tamaz"]
[Black "Van der Wiel, John TH"]
[Result "1/2-1/2"]
[WhiteElo "2515"]
[BlackElo "2470"]

1.d4 Nf6 2.c4 e6 3.Nf3 b6 4.g3 Ba6 5.Nbd2 Bb7 6.Bg2 c5 7.e4 cxd4 8.e5 Ne4
9.Nxe4 Bxe4 10.Qxd4 Bb4+ 11.Bd2 Bxd2+ 12.Qxd2 Nc6 13.Qf4 Bxf3 14.Bxf3 Rc8
15.O-O Ne7 16.Rfe1 Qc7 17.b3 f6 18.Rad1 fxe5 19.Qxe5 Qxe5 20.Rxe5 Nf5 21.Be4 g6
22.f4 Ke7 23.Bd3 Rc5 24.Ree1 a5 25.a4  1/2-1/2

[Event "Bohemians"]
[Site "Prague"]
[Date "1981.??.??"]
[Round "?"]
[White "Gruenberg, Hans Ulrich"]
[Black "Adamski, Jan"]
[Result "1/2-1/2"]
[WhiteElo "2435"]
[BlackElo "2430"]

1.d4 Nf6 2.c4 e6 3.Nf3 b6 4.g3 Ba6 5.Nbd2 d5 6.Bg2 Be7 7.O-O O-O 8.Ne5 c5
9.dxc5 Bxc5 10.Nd3 Nbd7 11.Nxc5 Nxc5 12.b4 Nce4 13.Nxe4 Nxe4 14.b5 Bb7 15.Bxe4 dxe4
16.Qxd8 Rfxd8 17.Be3 Rd7 18.Rfd1 Rc7 19.Rac1 f6 20.c5 bxc5 21.Rxc5 Rxc5 22.Bxc5 Bd5
23.a4 Kf7 24.Be3 Ke8 25.Rc1 Kd7 26.a5 Rb8 27.b6 axb6 28.Bxb6 Rc8 29.Rxc8 Kxc8
30.a6 Bc4 31.a7 Kb7 32.Kf1 f5 33.Ke1 g5 34.Kd2 g4 35.Ke3 h5 36.Bc5 Bb5 37.Kd2 Bc4
38.e3 Bd5 39.Kc3 Kc7 40.Kd4 Kd7 41.Ke5 Ba8 42.Kf6  1/2-1/2

[Event "Tirnava"]
[Site "Trnava"]
[Date "1981.??.??"]
[Round "4"]
[White "Magerramov, Elmar"]
[Black "Horvath, Tamas"]
[Result "1-0"]
[WhiteElo "2435"]
[BlackElo "2410"]

1.d4 Nf6 2.c4 e6 3.Nf3 b6 4.g3 Ba6 5.b3 d5 6.Bg2 dxc4 7.Ne5 Bb4+ 8.Kf1 c6
9.Nxc6 Nxc6 10.Bxc6+ Ke7 11.Bxa8 Qxa8 12.f3 Re8 13.Kg2 Qd5 14.a3 Bd6 15.Nc3 Qa5
16.Bd2 cxb3 17.Qxb3 Bxe2 18.Ne4 Qd5 19.Qxd5 Nxd5 20.Rhc1 Rd8 21.Kf2 Bd3 22.Bg5+ f6
23.Bd2 Bb8 24.a4 f5 25.Bg5+ Nf6 26.Nxf6 gxf6 27.Bf4 Bd6 28.Bxd6+ Kxd6 29.Ke3 Ba6
30.a5 b5 31.Rab1 h5 32.Rc5 h4 33.Rbc1 Bb7 34.Rxb5 Bd5 35.a6 hxg3 36.hxg3 Rg8
37.Kf4 Rh8 38.Rc3 Rh1 39.Rb8 Ra1 40.Rd8+ Ke7 41.Rxd5 exd5 42.Rc7+ Ke6 43.Rxa7 Ra3
44.Ra8  1-0

[Event "Tuzla"]
[Site "Tuzla"]
[Date "1981.??.??"]
[Round "13"]
[White "Vukic, Milan"]
[Black "Schussler, Harry"]
[Result "1/2-1/2"]
[WhiteElo "2485"]
[BlackElo "2495"]

1.d4 Nf6 2.c4 e6 3.Nf3 b6 4.g3 Ba6 5.b3 Bb4+ 6.Bd2 Be7 7.Bg2 c6 8.Bc3 d5
9.Nbd2 Nbd7 10.O-O O-O 11.Re1 c5 12.e4 Nxe4 13.Nxe4 dxe4 14.Rxe4 Bb7 15.Re3 Nf6
16.Ne5 cxd4 17.Bxd4 Qc7 18.Bxb7 Qxb7 19.Qf3 Qxf3 20.Rxf3 Rac8 21.Rd1 Rfd8
22.Kf1 Kf8 23.Ke2 Ke8 24.Rfd3 Ne4 25.f4 Rxd4 26.Rxd4 Nc3+ 27.Kf3 f6 28.Ng4 Bc5
29.R4d3 Nxd1 30.Rxd1 a6 31.h3 Ke7 32.Rd3 g6 33.Ne3 Bd6 34.Ng4 Bb4 35.Rd4 Bc5
36.Rd1 Ba3 37.Ne3 Bd6 38.Rd3 Rc5 39.g4 f5 40.gxf5 gxf5 41.b4 Rc8 42.a3 Rg8
43.Rd2 Rc8 44.Rb2 Ra8 45.a4 Rb8 46.Rb3 Kd7 47.c5 bxc5 48.b5 axb5 49.axb5 Bc7
50.Nc4 Ra8 51.Rd3+ Kc8 52.Ra3 Rxa3+  1/2-1/2

[Event "URS-FL49"]
[Site "Volgodonsk"]
[Date "1981.??.??"]
[Round "16"]
[White "Gulko, Boris F"]
[Black "Vladimirov, Evgeny"]
[Result "1/2-1/2"]
[WhiteElo "2565"]
[BlackElo "2460"]

1.d4 Nf6 2.c4 e6 3.Nf3 b6 4.g3 Ba6 5.Nbd2 Bb4 6.Qa4 c5 7.dxc5 bxc5 8.a3 Ba5
9.Bg2 Bb7 10.b4 Bb6 11.O-O O-O 12.Bb2 d6 13.Rfd1 Nbd7 14.Qc2 Qe7 15.Ne1 Bxg2
16.Nxg2 Rfc8 17.Rac1 d5 18.cxd5 Nxd5 19.bxc5 Rxc5 20.Qd3 Rac8 21.Nb3 Rxc1
22.Rxc1 Rxc1+ 23.Bxc1  1/2-1/2

[Event "Hoogovens-B"]
[Site "Wijk aan Zee"]
[Date "1981.??.??"]
[Round "7"]
[White "Ligterink, Gert"]
[Black "Povah, Nigel E"]
[Result "1/2-1/2"]
[WhiteElo "2430"]
[BlackElo "2365"]

1.d4 Nf6 2.c4 e6 3.Nf3 b6 4.g3 Ba6 5.Nbd2 d5 6.Bg2 Be7 7.O-O O-O 8.Ne5 c6
9.b3 Bb7 10.Bb2 Nbd7 11.Nd3 Qb8 12.Re1 Rd8 13.Qc2 dxc4 14.Nxc4 c5 15.dxc5 Bxg2
16.Kxg2 Qb7+  1/2-1/2

[Event "Yerevan"]
[Site "Yerevan"]
[Date "1981.??.??"]
[Round "4"]
[White "Makarov, Marat"]
[Black "Itkis, Boris"]
[Result "1/2-1/2"]
[WhiteElo "2330"]
[BlackElo "2275"]

1.d4 Nf6 2.c4 e6 3.Nf3 b6 4.g3 Ba6 5.b3 Bb4+ 6.Bd2 Be7 7.Bg2 c6 8.Nc3 d5
9.O-O O-O 10.Bf4 Nbd7 11.cxd5 cxd5 12.a4 Ne4 13.Nb5 Bb7 14.Bc7 Qe8 15.Rc1 a6
16.Nc3 Rc8 17.Nxe4 dxe4 18.Nd2 f5  1/2-1/2

[Event "Yerevan"]
[Site "Yerevan"]
[Date "1981.??.??"]
[Round "7"]
[White "Deev, Andrei"]
[Black "Makarov, Marat"]
[Result "1/2-1/2"]
[WhiteElo "2200"]
[BlackElo "2330"]

1.d4 Nf6 2.Nf3 e6 3.c4 b6 4.g3 Ba6 5.Nbd2 Bb7 6.Bg2 Be7 7.e4 Nxe4 8.Ne5 Bb4
9.Qg4 O-O 10.Bxe4 f5 11.Bxb7 fxg4 12.Bxa8 Qf6 13.O-O Bxd2 14.Bxd2 d6 15.Nc6 Nxc6
16.Bxc6 Qxd4 17.Be3 Qxb2 18.a4 Rf5 19.Rfd1 Qc3 20.Rac1 Qa3 21.Bd4 Kf7 22.Re1 Qd3
23.Red1 Qa3 24.Re1 Qd3  1/2-1/2

[Event "Bagneux"]
[Site "Bagneux"]
[Date "1982.??.??"]
[Round "?"]
[White "Kouatly, Bachar"]
[Black "Tompa, Janos"]
[Result "1/2-1/2"]
[WhiteElo "2435"]
[BlackElo "2435"]

1.d4 Nf6 2.c4 e6 3.Nf3 b6 4.g3 Ba6 5.b3 Bb4+ 6.Bd2 Be7 7.Bg2 c6 8.O-O d5
9.Bc3 Nbd7 10.Nbd2 Rc8 11.Re1 c5 12.cxd5 Nxd5 13.Bb2 O-O 14.Rc1 b5  1/2-1/2

[Event "Baile Herculane zt"]
[Site "Baile Herculane"]
[Date "1982.??.??"]
[Round "12"]
[White "Schmidt, Wlodzimierz"]
[Black "Ambroz, Jan"]
[Result "1/2-1/2"]
[WhiteElo "2485"]
[BlackElo "2430"]

1.d4 Nf6 2.c4 e6 3.Nf3 b6 4.g3 Ba6 5.b3 c6 6.Bg2 Bb4+ 7.Bd2 Be7 8.O-O d5
9.Bc3 O-O 10.Nbd2 Nbd7 11.Re1 c5 12.e4 dxc4 13.bxc4 cxd4 14.Nxd4 Ne5 15.Nxe6 fxe6
16.Bxe5 Bc5 17.Rf1  1/2-1/2

[Event "Elekes mem-B"]
[Site "Budapest"]
[Date "1982.??.??"]
[Round "?"]
[White "Votruba, Pavel"]
[Black "Horvath, Gyula"]
[Result "1/2-1/2"]
[WhiteElo "2320"]
[BlackElo "2385"]

1.Nf3 Nf6 2.c4 e6 3.d4 b6 4.g3 Ba6 5.b3 Bb4+ 6.Bd2 c6 7.Bg2 Be7 8.O-O d5
9.Qc2 Nbd7 10.Rc1 O-O 11.a4 Rc8 12.Na3 Ne4 13.Be1 Bb7 14.a5 c5 15.axb6  1/2-1/2

[Event "HUN-ch"]
[Site "Budapest"]
[Date "1982.??.??"]
[Round "?"]
[White "Barczay, Laszlo"]
[Black "Schneider, Attila"]
[Result "0-1"]
[WhiteElo "2445"]
[BlackElo "2365"]

1.d4 Nf6 2.c4 e6 3.Nf3 b6 4.g3 Ba6 5.b3 Bb4+ 6.Bd2 Be7 7.Nc3 c6 8.e4 d5 9.Qc2 dxe4
10.Nxe4 Bb7 11.Bd3 c5 12.Bc3 Nc6 13.dxc5 bxc5 14.O-O Qc7 15.Rad1 O-O-O 16.Qe2 Rxd3
17.Rxd3 Nxe4  0-1

[Event "HUN-ch"]
[Site "Budapest"]
[Date "1982.??.??"]
[Round "?"]
[White "Gyorkos, Lajos"]
[Black "Lovass, Imre"]
[Result "0-1"]
[WhiteElo "2240"]
[BlackElo "2310"]

1.d4 Nf6 2.c4 e6 3.Nf3 b6 4.g3 Ba6 5.b3 Bb4+ 6.Bd2 Bxd2+ 7.Nbxd2 Bb7 8.Bg2 c5
9.dxc5 bxc5 10.O-O O-O 11.Qc2 Nc6 12.Rfd1 d6 13.a3 Rb8 14.Qc3 Qb6 15.e3 h6
16.Rab1 Ba8 17.Ne1 a5 18.Nd3 Rfd8 19.Nb2 Ne7 20.Na4 Qa7 21.Bxa8 Qxa8 22.Qc2 Nf5
23.Nc3 h5 24.Nde4 Nxe4 25.Nxe4 Rb6 26.h3 Rdb8 27.Ng5 Qb7 28.g4 Nh4 29.Qh7+ Kf8
30.e4 Rxb3 31.Qh8+ Ke7 32.Qxg7 Nf3+ 33.Kg2 Ne5 34.Rxd6 Kxd6 35.Rd1+ Rd3 36.Nxf7+ Nxf7
37.Rxd3+ Kc6 38.Qg6 Qe7 39.Qxh5 Rh8 40.Qg6 Ne5  0-1

[Event "HUN-ch"]
[Site "Budapest"]
[Date "1982.??.??"]
[Round "?"]
[White "Lukacs, Peter"]
[Black "Schneider, Attila"]
[Result "1/2-1/2"]
[WhiteElo "2470"]
[BlackElo "2365"]

1.d4 Nf6 2.c4 e6 3.Nf3 b6 4.g3 Ba6 5.Nbd2 Bb7 6.Bg2 Be7 7.O-O O-O 8.Qc2 d5
9.b3 c5 10.Bb2 Nbd7 11.Rad1 Rc8 12.Qb1 Rc7 13.dxc5 bxc5 14.cxd5 exd5 15.Rfe1 Qa8
16.Ne5 Nb6 17.e4 c4 18.bxc4 dxc4 19.Rc1  1/2-1/2

[Event "Gausdal Jubilee"]
[Site "Gausdal"]
[Date "1982.??.??"]
[Round "7"]
[White "Hamann, Svend"]
[Black "Tisdall, Jonathan D"]
[Result "1-0"]
[WhiteElo "2445"]
[BlackElo "2410"]

1.d4 Nf6 2.c4 e6 3.Nf3 b6 4.g3 Ba6 5.Nbd2 Bb4 6.Qc2 c5 7.Bg2 Nc6 8.dxc5 Bxc5
9.a3 Bb7 10.O-O Rc8 11.b4 Be7 12.Bb2 a5 13.b5 Na7 14.a4 Rc7 15.Rfd1 Qa8 16.Rac1 h6
17.Bd4 Nc8 18.Qb2 O-O 19.Nf1 Ne8 20.Ne3 Bf6 21.Ng4 Bxd4 22.Rxd4 d6 23.Nh4 Bxg2
24.Nxg2 Qb7 25.Rdd1 Rc5 26.Nf4 Qe7 27.e4 Qb7 28.e5 h5 29.exd6 Ncxd6 30.Ne5 Qc8
31.Qe2 g6 32.Nfd3 Rc7 33.c5 Nf5 34.cxb6 Rxc1 35.Rxc1 Qb7 36.Nc5 Nd4 37.Qe3 Qd5
38.Ncd7 Nd6 39.Nf6+  1-0

[Event "Gausdal Jubilee"]
[Site "Gausdal"]
[Date "1982.??.??"]
[Round "7"]
[White "Sjoberg, Mats"]
[Black "Myreng, Svein G"]
[Result "1-0"]
[WhiteElo "2380"]
[BlackElo "2220"]

1.d4 Nf6 2.c4 e6 3.Nf3 b6 4.g3 Ba6 5.b3 Bb4+ 6.Bd2 Be7 7.Bg2 d5 8.Ne5 O-O
9.O-O c6 10.Bc3 Nfd7 11.Nxd7 Nxd7 12.Nd2 Rc8 13.Re1 Nf6 14.e4 dxe4 15.Nxe4 Nxe4
16.Bxe4 Qc7 17.Qh5 g6 18.Qf3 Rfd8 19.Rad1 Bf8 20.d5 f5 21.dxe6 fxe4 22.Qxe4 Qe7
23.Qg4 Rxd1 24.Rxd1 Re8 25.Rd7 Qxe6 26.Qd4 Re7 27.Qh8+ Kf7 28.Rd8  1-0

[Event "Hamar op"]
[Site "Hamar"]
[Date "1982.??.??"]
[Round "9"]
[White "Tisdall, Jonathan D"]
[Black "Gudmundsson, Elvar"]
[Result "1/2-1/2"]
[WhiteElo "2410"]
[BlackElo "2320"]

1.d4 Nf6 2.c4 e6 3.Nf3 b6 4.g3 Ba6 5.Qb3 c6 6.Nc3 d5 7.cxd5 cxd5 8.Ne5 Be7
9.Qa4+ Nfd7 10.Bg2 O-O 11.O-O b5 12.Nxb5 Nxe5 13.dxe5 Qd7 14.Nc3 Qxa4 15.Nxa4 Nd7
16.Be3  1/2-1/2

[Event "Havana"]
[Site "Havana"]
[Date "1982.??.??"]
[Round "2"]
[White "Mikhalchishin, Adrian"]
[Black "Garcia Gonzales, Guillermo"]
[Result "1/2-1/2"]
[WhiteElo "2530"]
[BlackElo "2485"]

1.d4 Nf6 2.c4 e6 3.Nf3 b6 4.g3 Ba6 5.Nbd2 Bb4 6.Qc2 Bb7 7.Bg2 Be4 8.Qb3 a5
9.O-O Bxd2 10.Bxd2 O-O 11.Rfd1 d6 12.Qe3 Nbd7 13.Bc3 Qb8 14.Nh4  1/2-1/2

[Event "Lloyds Bank op"]
[Site "London"]
[Date "1982.??.??"]
[Round "9"]
[White "Hawksworth, John C"]
[Black "Kortschnoj, Viktor"]
[Result "1-0"]
[WhiteElo "2215"]
[BlackElo "2635"]

1.d4 Nf6 2.c4 e6 3.Nf3 b6 4.g3 Ba6 5.Nbd2 Bb4 6.Qa4 c5 7.a3 Bxd2+ 8.Bxd2 cxd4
9.Bg2 Bb7 10.O-O Bc6 11.Qd1 Bxf3 12.Bxf3 Nc6 13.Bf4 O-O 14.Bd6 Re8 15.Bxc6 dxc6
16.Qxd4 Nd5 17.c5 e5 18.Qa4 Qd7 19.e4 bxc5 20.Bxc5 Nf4 21.Qd1 Qh3 22.gxf4 exf4
23.f3 Re5 24.Qc2  1-0

[Event "Luzern ol (Men)"]
[Site "Luzern"]
[Date "1982.??.??"]
[Round "6"]
[White "Bellon Lopez, Juan Manuel"]
[Black "Gamarra Caceres, Carlos"]
[Result "1-0"]
[WhiteElo "2395"]
[BlackElo "2240"]

1.d4 Nf6 2.Nf3 b6 3.c4 e6 4.g3 Ba6 5.Nbd2 Bb7 6.Bg2 c5 7.e4 cxd4 8.e5 Ng8
9.O-O Qc7 10.Nxd4 Bxg2 11.Kxg2 a6 12.Qf3 Nc6 13.Nxc6 dxc6 14.Ne4 Rc8 15.Bf4 Be7
16.Rad1 h6 17.h4 Kf8 18.h5 Bc5 19.Nxc5 bxc5 20.Rd6 Ne7 21.g4 Kg8 22.Rfd1 Qb6
23.Rd7 Re8 24.b3 g6 25.Be3 Rh7 26.Qf6 Rf8 27.Rxe7  1-0

[Event "Luzern ol (Men)"]
[Site "Luzern"]
[Date "1982.??.??"]
[Round "9"]
[White "Bellon Lopez, Juan Manuel"]
[Black "Sigurjonsson, Gudmundur"]
[Result "1-0"]
[WhiteElo "2395"]
[BlackElo "2470"]

1.d4 Nf6 2.Nf3 e6 3.c4 b6 4.g3 Ba6 5.Nbd2 Bb4 6.Qb3 c5 7.Bg2 Nc6 8.dxc5 Bxc5
9.O-O O-O 10.Qa4 Bb7 11.a3 d5 12.b4 Be7 13.Bb2 a6 14.Rfd1 Qc7 15.cxd5 Nxd5
16.Rac1 b5 17.Qb3 a5 18.e4 Nf6 19.Ne5 axb4 20.axb4 Qb6 21.Nxc6 Bxc6 22.Bxf6 gxf6
23.Rxc6 Qxc6 24.e5 Qa6 25.exf6 Bxf6 26.Bxa8 Qxa8 27.Nf1 Rc8 28.Qe3 Rc4 29.Rd3 Qe4
30.Rb3 Qc6 31.Qh6 Be7 32.Qh5 Rc1 33.Rf3 f5 34.Re3 Kg7 35.Qe2 Qd5 36.Qb2+  1-0

[Event "Minsk"]
[Site "Minsk"]
[Date "1982.??.??"]
[Round "?"]
[White "Inkiov, Ventzislav"]
[Black "Chandler, Murray G"]
[Result "0-1"]
[WhiteElo "2495"]
[BlackElo "2470"]

1.d4 Nf6 2.c4 e6 3.Nf3 b6 4.g3 Ba6 5.Qa4 c6 6.Nc3 d5 7.cxd5 exd5 8.Bg2 Bd6
9.O-O O-O 10.Bg5 b5 11.Qc2 Nbd7 12.Rfe1 h6 13.Bxf6 Nxf6 14.a3 Qb6 15.b4 Bc8
16.e4 dxe4 17.Nxe4 Nxe4 18.Qxe4 Be6 19.Ne5 Bd5 20.Qc2 Bxe5 21.dxe5 a5 22.Bxd5 cxd5
23.Rad1 Rfd8 24.Qb3 a4 25.Qa2 Qe6 26.Qe2 Qb6 27.Qf3 d4 28.Qg4 Ra7 29.e6 Qd6
30.Qf5 d3 31.Rd2 fxe6 32.Rxe6 Qd4 33.Qxb5 Rc7 34.Re8+ Rxe8 35.Qxe8+ Kh7 36.Qe6 Rc3
37.h4 Rxa3 38.h5 Qd8 39.Rd1 Kh8 40.Qg6 Rc3 41.b5 a3 42.b6 a2 43.Qf7 Ra3 44.Ra1 d2
45.Kh2 Rd3  0-1

[Event "Minsk"]
[Site "Minsk"]
[Date "1982.??.??"]
[Round "?"]
[White "Dydyshko, Viacheslav"]
[Black "Kupreichik, Viktor D"]
[Result "0-1"]
[WhiteElo "2450"]
[BlackElo "2570"]

1.d4 Nf6 2.c4 e6 3.Nf3 b6 4.g3 Ba6 5.Nbd2 c5 6.Bg2 Nc6 7.Qa4 Bb7 8.dxc5 Bxc5
9.O-O O-O 10.a3 Qc7 11.Qc2 Rac8 12.b3 d5 13.Bb2 dxc4 14.Qxc4 Na5 15.Qh4 Be7
16.Rac1 Qd7 17.b4 Rxc1 18.Rxc1 Bxf3 19.Nxf3 Nb3 20.Rb1 Rc8 21.Qf4 Nd5 22.Qe4 Nc3
23.Bxc3 Rxc3 24.Ne5 Qc7 25.Nc6 Nd2 26.Nxe7+ Kf8  0-1

[Event "Pamporovo"]
[Site "Pamporovo"]
[Date "1982.??.??"]
[Round "6"]
[White "Radev, Nikolai"]
[Black "Szekely, Peter"]
[Result "0-1"]
[WhiteElo "2350"]
[BlackElo "2430"]

1.d4 Nf6 2.c4 e6 3.Nf3 b6 4.g3 Ba6 5.b3 d5 6.Bg2 Bb4+ 7.Bd2 Be7 8.Nc3 O-O
9.cxd5 exd5 10.O-O Bb7 11.Rc1 Na6 12.Bg5 Ne4 13.Bxe7 Qxe7 14.e3 Rfd8 15.Re1 c5
16.Bf1 Qf6 17.a3 Nc7 18.Rc2 Ne6 19.b4 Rac8 20.bxc5 bxc5 21.Na4 cxd4 22.Rxc8 Bxc8
23.exd4 N6g5 24.Nxg5 Qxf2+ 25.Kh1 Nxg5 26.Qe2 Qxe2 27.Rxe2 Ba6 28.Re1 Bxf1
29.Rxf1 Ne6 30.Rd1 Rc8 31.Rd3 Rc4 32.Nc3 Rxd4 33.Rxd4 Nxd4 34.Nxd5 f5 35.Kg2 Kf7
36.Kf2 Ke6 37.Nc3 Ke5 38.a4 Ne6 39.Ke3 Nc5 40.h4 a5 41.Ne2 g6 42.Nd4 Kd5
43.h5 gxh5 44.Nxf5 Nxa4 45.Ng7 Nc5 46.Nxh5 Kc4 47.Kd2 Kb3 48.Kc1 a4 49.Nf4 a3
50.Ne2 a2 51.Nd4+ Kc4 52.Nc2 Kc3  0-1

[Event "BUL-ch (Women)"]
[Site "Sofia"]
[Date "1982.??.??"]
[Round "3"]
[White "Chilingirova, Pavlina"]
[Black "Kolchakova, Jeni"]
[Result "1-0"]
[WhiteElo "2125"]
[BlackElo "1945"]

1.d4 Nf6 2.Nf3 e6 3.c4 b6 4.g3 Ba6 5.Nbd2 Bb4 6.Qc2 O-O 7.Bg2 c6 8.O-O d5
9.b3 Nbd7 10.Bb2 Bb7 11.Rfd1 Be7 12.Rac1 Rc8 13.e4 dxe4 14.Nxe4 Qc7 15.Ne5 Nxe4
16.Qxe4 Nf6 17.Qf3 Bd6 18.Ng4 Nxg4 19.Qxg4 Rcd8 20.c5 bxc5 21.dxc5 Be5 22.Bxe5 Qxe5
23.Qb4 Qc7 24.Rd6 Rd7 25.Rcd1 Rfd8 26.Qf4 g6 27.Rxd7 Rxd7 28.Rxd7 Qxd7 29.Qb8+ Kg7
30.Qxa7 e5 31.Bf3 f5 32.Qa5 g5 33.Qc3 Kf6 34.Be2 g4 35.Qe3 Qg7 36.Qd2 h5
37.Qd6+ Kg5 38.Qd8+ Qf6 39.Qc7 f4 40.Qxb7 f3 41.Bf1  1-0

[Event "Surakarta/Denpasar"]
[Site "Surakarta"]
[Date "1982.??.??"]
[Round "11"]
[White "Bachtiar, Arovah"]
[Black "Sosonko, Gennadi"]
[Result "0-1"]
[WhiteElo "2360"]
[BlackElo "2580"]

1.d4 Nf6 2.c4 e6 3.Nf3 b6 4.g3 Ba6 5.Qc2 c5 6.Bg2 Nc6 7.dxc5 bxc5 8.O-O Be7
9.Na3 Qb6 10.b3 O-O 11.Bb2 d5 12.Ne5 Nb4 13.Qc1 Bb7 14.Nc2 Nxc2 15.Qxc2 d4
16.Bxb7 Qxb7 17.e3 dxe3 18.fxe3 Rad8 19.Rad1 Ne4 20.Rxd8 Rxd8 21.Rxf7 Ng5
22.Rxg7+ Kxg7 23.h4 Qe4 24.Nd3+ Kf7  0-1

[Event "JUG-ch"]
[Site "Vrbas"]
[Date "1982.??.??"]
[Round "?"]
[White "Ivkov, Borislav"]
[Black "Parma, Bruno"]
[Result "1/2-1/2"]
[WhiteElo "2480"]
[BlackElo "2485"]

1.d4 Nf6 2.c4 e6 3.Nf3 b6 4.g3 Ba6 5.Qa4 c6 6.Nc3 b5 7.cxb5 cxb5 8.Nxb5 Qb6
9.Nc3 Bb4 10.Bg2 O-O 11.Bd2 Nc6 12.O-O Bxc3 13.bxc3 Bxe2  1/2-1/2

[Event "JUG-ch"]
[Site "Vrbas"]
[Date "1982.??.??"]
[Round "?"]
[White "Rajkovic, Dusan"]
[Black "Cebalo, Miso"]
[Result "1/2-1/2"]
[WhiteElo "2460"]
[BlackElo "2495"]

1.Nf3 Nf6 2.c4 e6 3.d4 b6 4.g3 Ba6 5.Nbd2 Bb7 6.Bg2 Be7 7.O-O O-O 8.b3 d5
9.Bb2 c5 10.Rc1 Nbd7 11.Re1 Rc8 12.Rc2 dxc4 13.Nxc4 b5  1/2-1/2

[Event "JUG-ch"]
[Site "Vrbas"]
[Date "1982.??.??"]
[Round "?"]
[White "Rajkovic, Dusan"]
[Black "Kelecevic, Nedeljko"]
[Result "1/2-1/2"]
[WhiteElo "2460"]
[BlackElo "2390"]

1.d4 Nf6 2.c4 e6 3.Nf3 b6 4.g3 Ba6 5.b3 Bb4+ 6.Bd2 Be7 7.Bg2 c6 8.O-O d5
9.Bc3 Nbd7 10.Nbd2 O-O 11.Re1 b5 12.c5 Qc7 13.Qc2 Rfe8 14.b4  1/2-1/2

[Event "JUG-ch"]
[Site "Vrbas"]
[Date "1982.??.??"]
[Round "?"]
[White "Rukavina, Josip"]
[Black "Dizdar, Goran"]
[Result "1-0"]
[WhiteElo "2450"]
[BlackElo "2380"]

1.Nf3 Nf6 2.c4 e6 3.d4 b6 4.g3 Ba6 5.b3 Bb4+ 6.Bd2 Be7 7.Bg2 c6 8.O-O d5
9.Ne5 O-O 10.Bc3 Nfd7 11.Nxd7 Nxd7 12.Nd2 Rc8 13.Rc1 Nf6 14.e4 c5 15.dxc5 d4
16.Bb2 bxc5 17.e5 Nd7 18.f4 Qb6 19.Ne4 Bb7 20.Qh5 a5 21.Rcd1 f5 22.exf6 Nxf6
23.Qe2 Rce8 24.Ng5 Bxg2 25.Kxg2 Bd6 26.Bc1 e5 27.fxe5 Rxe5 28.Qd3 Qb7+ 29.Kg1 Rfe8
30.Nf3 Re2 31.Rde1 Rxa2 32.Rxe8+ Nxe8 33.Re1 Nf6 34.Qb1 Qxf3 35.Qxa2 h5 36.Qe2 Qxe2
37.Rxe2 Kf7 38.Kg2 Nd7 39.Ra2 Bc7 40.Bd2 Ke6 41.Bxa5 Bd6 42.Bd2 Kf5 43.Ra7 Nf6
44.Rxg7 Ke4 45.Rf7 Ng4 46.Rd7 Be5 47.Rd5 Ne3+ 48.Bxe3 dxe3  1-0

[Event "Hoogovens-B"]
[Site "Wijk aan Zee"]
[Date "1982.??.??"]
[Round "9"]
[White "Scheeren, Peter"]
[Black "Hjartarson, Johann"]
[Result "1-0"]
[WhiteElo "2430"]
[BlackElo "2425"]

1.d4 Nf6 2.c4 e6 3.Nf3 b6 4.g3 Ba6 5.b3 Bb4+ 6.Bd2 Be7 7.Bg2 c6 8.O-O d5
9.Bf4 O-O 10.Qd3 c5 11.Ne5 Bb7 12.dxc5 Bxc5 13.Nc3 Na6 14.a3 Nc7 15.b4 Bd6
16.Qd4 Qe7 17.Rfd1 Rad8 18.e4 Rfe8 19.exd5 exd5 20.Ng4 Nxg4 21.Bxd6 Qxd6
22.Qxg4 Qe5 23.Qd4 Qxd4 24.Rxd4 Ne6 25.Rdd1 d4 26.Bxb7 dxc3 27.Bd5 b5 28.c5 a5
29.Kf1 c2 30.Rd3 axb4 31.axb4 Nc7 32.Be4 Rxd3 33.Bxd3 Na6 34.Bxb5 Rd8 35.Ba4 Nxb4
36.Rc1 Rd2 37.Bxc2 Kf8 38.Be4 Ke8 39.Rc4 Na6 40.c6 Kd8 41.Bxh7 Nc7 42.Be4  1-0

[Event "Yerevan zt"]
[Site "Yerevan"]
[Date "1982.??.??"]
[Round "6"]
[White "Tukmakov, Vladimir B"]
[Black "Dorfman, Josif D"]
[Result "1/2-1/2"]
[WhiteElo "2500"]
[BlackElo "2510"]

1.d4 Nf6 2.c4 e6 3.Nf3 b6 4.g3 Ba6 5.Nbd2 Bb4 6.Qc2 Bb7 7.Bg2 c5 8.dxc5 Bxc5
9.O-O Qc7 10.a3 Be7 11.b3 d6 12.Bb2 Nbd7  1/2-1/2

[Event "DDR-BUL"]
[Site "Zinnowitz"]
[Date "1982.??.??"]
[Round "3"]
[White "Popov, Luben"]
[Black "Tischbierek, Raj"]
[Result "1/2-1/2"]
[WhiteElo "2435"]
[BlackElo "2365"]

1.d4 Nf6 2.c4 e6 3.Nf3 b6 4.g3 Ba6 5.b3 Bb4+ 6.Bd2 Be7 7.Nc3 c6 8.Bg2 d5
9.Ne5 Nfd7 10.Nxd7 Nxd7 11.O-O O-O 12.cxd5 cxd5 13.a4 Nf6 14.Re1 Qd7 15.a5 Rfc8
16.e3 bxa5 17.Rxa5 Bd3 18.Ra2 Ne4 19.Nxe4 dxe4 20.Bf1 Qb5 21.Bxd3 Qxd3 22.Qb1 Bf8
23.b4 Rc4 24.Qxd3 exd3 25.Ra3 Rxb4 26.Rxd3 Rb2 27.Ra1 Rc8 28.e4 Rcc2  1/2-1/2

[Event "Albena"]
[Site "Albena"]
[Date "1983.??.??"]
[Round "?"]
[White "Velikov, Petar"]
[Black "Kruszynski, Wlodzimierz"]
[Result "1-0"]
[WhiteElo "2460"]
[BlackElo "2435"]

1.d4 Nf6 2.c4 e6 3.Nf3 b6 4.g3 Ba6 5.b3 Bb4+ 6.Bd2 Be7 7.Bg2 c6 8.Bc3 d5
9.Nbd2 Nbd7 10.Qc2 Bb7 11.O-O c5 12.dxc5 Nxc5 13.b4 Ncd7 14.cxd5 Bxd5 15.e4 Bb7
16.Nd4 Rc8 17.Qb3 O-O 18.Rac1 a6 19.a4 Rc7 20.Rfe1 Qa8 21.Bh3 Kh8 22.Bxe6 Nxe4
23.Nxe4 Bxe4 24.Bh3 Bf6 25.Nf5 Rxc3 26.Rxc3 Bxf5 27.Bxf5 Bxc3 28.Qxc3 Nf6
29.Qc4 Qb7 30.Bd3 a5 31.bxa5 bxa5 32.Qc5 Ra8 33.Re7 Qb3 34.Qc4  1-0

[Event "Albena"]
[Site "Albena"]
[Date "1983.??.??"]
[Round "?"]
[White "Lalev, Dimitar"]
[Black "Farago, Ivan"]
[Result "0-1"]
[WhiteElo "2450"]
[BlackElo "2495"]

1.d4 Nf6 2.c4 e6 3.Nf3 b6 4.g3 Ba6 5.b3 Bb4+ 6.Bd2 Be7 7.Bg2 d5 8.Ne5 O-O
9.Bc3 c6 10.Nd2 Nfd7 11.Nd3 b5 12.O-O bxc4 13.bxc4 Bxc4 14.Nxc4 dxc4 15.Nb2 Nb6
16.e4 Na6 17.a4 Bb4 18.Qc2 c5 19.d5 exd5 20.exd5 Bxc3 21.Qxc3 Rb8 22.Rfd1 Qf6
23.Rac1 Nxd5 24.Bxd5 Rxb2 25.Qxf6 gxf6 26.Bxc4 Nb8 27.Rd5 Rb4 28.a5 Rc8 29.Bf1 c4
30.Bh3 Rc7 31.Rd4 Rc5 32.Bf1 Nc6 33.Rdxc4 Rbxc4 34.Rxc4 Rxc4 35.Bxc4 Nxa5
36.Bd5 Kf8 37.f4 f5 38.Kf2 Ke7 39.Ke3  0-1

[Event "Bratislava"]
[Site "Bratislava"]
[Date "1983.??.??"]
[Round "13"]
[White "Plachetka, Jan"]
[Black "Lerner, Konstantin Z"]
[Result "1/2-1/2"]
[WhiteElo "2465"]
[BlackElo "2495"]

1.d4 Nf6 2.c4 e6 3.Nf3 b6 4.g3 Ba6 5.b3 Bb4+ 6.Bd2 Be7 7.Nc3 c6 8.e4 d5 9.e5 Ne4
10.Bd3 Nxc3 11.Bxc3 c5 12.O-O Bb7 13.Qe2 dxc4 14.Bxc4 O-O 15.Rfd1 Qc8 16.d5 exd5
17.Bxd5 Bxd5 18.Rxd5 Qe6 19.Rd2 Nc6 20.Rad1 Rfd8 21.Qe4 f5 22.Qc4 Qxc4 23.bxc4 Rxd2
24.Rxd2 Rd8 25.Rxd8+ Bxd8 26.Ne1 g5 27.f4 Kf7 28.Nc2 Ke6 29.Kf2 g4 30.Ke2 h5
31.Be1 Ne7 32.Ne3 Ng6 33.Ng2 Ne7 34.Ne3 Nc6 35.Nc2 Be7 36.a3 Bf8 37.Bc3 Bh6
38.Bd2 Kf7 39.Be3 Nd8 40.Ne1 Bf8 41.Bf2 Be7 42.Ng2  1/2-1/2

[Event "Elekes mem-B"]
[Site "Budapest"]
[Date "1983.??.??"]
[Round "?"]
[White "Votruba, Pavel"]
[Black "Tompa, Janos"]
[Result "1/2-1/2"]
[WhiteElo "2350"]
[BlackElo "2420"]

1.Nf3 Nf6 2.c4 b6 3.d4 e6 4.g3 Ba6 5.b3 Be7 6.Bg2 Bb7 7.O-O O-O 8.Nc3 d5
9.cxd5 exd5 10.Qc2 Na6 11.Rd1 Re8 12.Bb2  1/2-1/2